| 000 | 00708nam a2200193 4500 | ||
|---|---|---|---|
| 001 | 110921 | ||
| 003 | ES-MaACL | ||
| 005 | 20230906185214.0 | ||
| 007 | t| | ||
| 008 | 061121s1977 sp r ||||1| spa d | ||
| 245 | 0 | 0 | _aOficina Intergubernamental para la Informática. |
| 260 |
_aMadrid : _bPresidencia del Gobierno. Servicio Central de Informática, _c1977. |
||
| 300 |
_a79 p. ; _c21 cm. |
||
| 490 | 1 | _aDocumentación Informática: Serie amarilla / Tratados Internacionales | |
| 710 | 1 |
_aEspaña. _bServicio Central de Informática. _93973 |
|
| 830 | 0 |
_aDocumentación Informática: Serie amarilla / Tratados Internacionales _9218900 |
|
| 852 |
_aES-MaACL _jL-5605 _bR.106076 |
||
| 999 |
_c110921 _d110921 |
||